01185 a2200217 4500003000500000005001700005010001600022020001500038040000900053082001500062245009700077250002600174260003700200300002200237505045900259650003800718700004100756942001200797999001900809952013900828Nust20230123111234.0 a 96043423 a0393040054 cNust00a808.85,SAF00aLend me your ears :bgreat speeches in history /cselected and introduced by William Safire. aRev. and expanded ed. aNew York :bW.W. Norton,cc1997. a1055 p. ;c25 cm. aMemorials and Patriotic Speeches (Page-29), War ad Revolution Speeches (Page-79), Tributes and Eulogies (Page-159), Debates and Argumentation (Page-239), Trials (Page-317), Gallows and Farewell Speeches (Page-367), Sermons (Page-425), Inspirational Speeches (Page-509), Lectures and Instructive Speeches (Page-545), Speeches of Social Responsibility (Page-597), Media Speeches (Page-705), Political Speeches (Page-779), Commencement Speeches (Page-987). 0aSpeeches, addresses, etc.91073781 aSafire, William,d1929-2009.9107379 2ddccBK c186692d186692 00102ddc4070aMCSbMCScGENd2016-12-12l1o808.85,SAFpMCS27362r2025-01-01s2024-12-18w2016-12-12yBKzAlmirah No.57, Shelf No.3